000 00567nam a2200217Ia 4500
003 OSt
005 20230518112803.0
008 210423s1961 xx 000 0 und d
040 _cAL
041 _aeng
082 _a340
_223
_bGOVK
100 _aGOVERNMENT OF KARNATAKA
_9108019
245 _aKarnataka prohibition act 1961
260 _aBangalore
_bGalgotia Publications Pvt Ltd
_c1961
300 _bPB
365 _cINR
650 _aLaw
_9108020
650 _aSocial Sciences
_9108021
906 _a1961 ; act ; Karnataka ; prohibition
942 _2ddc
_cBK
999 _c172373
_d172373